| 000 | 00988cam a2200241 a 4500 | ||
|---|---|---|---|
| 001 | 000002351 | ||
| 003 | DO-SdBNP | ||
| 005 | 20251030090210.0 | ||
| 008 | 771130s1970 ve b 001 0 spa | ||
| 040 |
_aDO-SdBNP _bspa _cBNPHU |
||
| 082 | 4 |
_a330.987 _bD229e _222 |
|
| 100 | 1 |
_aD'Ascoli, Carlos A. _q(Carlos Alberto), _d1899- _97471 |
|
| 245 | 1 | 0 |
_aEsquema histórico-económico de Venezuela : _bdel mito del dorado a la economía del café / _cCarlos A. d'Ascoli ; prólogo de José Antonio Mayobre. |
| 260 |
_aCaracas : _bBanco Central de Venezuela, _c1970. |
||
| 300 |
_a402 p. ; _c19 cm. |
||
| 500 | _a"Curso dictado en la Escuela de Ciencias Economicas y Sociales de la U.C.V. de 1942 a 1945." | ||
| 504 | _aIncluye referencias bibliográficas | ||
| 651 | 0 |
_aVenezuela _xCondiciones económicas _xHistoria _926230 |
|
| 651 | 0 |
_aVenezuela _xPolítica económica _926230 |
|
| 700 | 1 |
_aMayobre, José Antonio _eprol. _97474 |
|
| 910 | _aCatalogación por copia / LC | ||
| 942 |
_2ddc _cLBS1 |
||
| 999 |
_c2193 _d2193 |
||